00324nam a22000977a 4500082001200000100001900012245010000031260004100131650002500172700002900197 aTHE 200 aFAROOQ AHMAD,  aTH-SOF-0627-AERODYNAMIC MODELING OF ELLIPTICAL WING ORNITHOPTER USING QUASI STEADY APPROACH.PDF aNUST COLLEGE OF EMEbISLAMABADc2018 a MS-MECH-56 MSTHESIS aDR MUHAMMAD AFZAAL MALIK